| 000 | 00366nam a22001457a 4500 | ||
|---|---|---|---|
| 999 |
_c7986 _d7986 |
||
| 003 | OSt | ||
| 005 | 20200615132549.0 | ||
| 008 | 200615b ||||| |||| 00| 0 eng d | ||
| 020 | _a9788496263109 | ||
| 082 |
_a728.370 _bBRO |
||
| 100 |
_a Broto, Carles, _d1959- |
||
| 245 | _aCompact houses | ||
| 260 |
_aSingapur _bLinks International _cFebruary 15, 2005 |
||
| 942 | _2ddc | ||